000 00368 a2200169 4500
001 48217
020 _a9788565141192
040 _cAnchieta - Aquarius
100 _aIseki, Aya
240 1 0 _aO diário de Melinda
_lpor
245 1 0 _aO diário de Melinda
300 _a116
362 0 _a2017
440 1 _aAtualiza
650 4 _aLiteratura brasileira
942 _cBK
999 _c48217
_d48217